NFL - Stat Leaders 2024 - Statistics

General Stats
  • This quiz has been taken 76 times
  • The average score is 11 of 24
Answer Stats
Hint Answer % Correct
Passer Rating #1 Lamar Jackson
92%
Passing Yards #1 Joe Burrow
89%
Passer Rating #3 Joe Burrow
89%
Rushing Yards #1 Saquon Barkley
83%
Receiving Yards #1 Jamar Chase
81%
Rushing Yards #2 Derrick Henry
78%
Receiving Yards #2 Justin Jefferson
75%
Passing Yards #3 Baker Mayfield
63%
Passing Yards #2 Jared Goff
63%
Passer Rating #2 Jared Goff
63%
Sacks #2 Myles Garrett
54%
Rushing Yards #3 Bijan Robinson
46%
Kicker Scoring #2 Brandon Aubrey
44%
Sacks #1 Trey Hendrickson
33%
Receiving Yards #3 Brian Thomas Jr.
29%
Kicker Scoring #1 Chris Boswell
27%
Interceptions #2 Xavier McKinney
22%
Interceptions #1 Kerby Joseph
19%
Interceptions #3 Chauncey Gardner-Johnson
16%
Tackles #2 Budda Baker
13%
Kicker Scoring #3 Cameron Dicker
13%
Tackles #1 Zaire Franklin
13%
Sacks #3 Nik Bonitto
10%
Tackles #3 Robert Spillane
3%
No matching quizzes found
Score Distribution
Percent of People with Each Score
Percentile by Number Answered
Your Score History
You have not taken this quiz